00973 a2200193 450000100040000000500170000400800410002100300150006204000400007708000730011724500710019002000220026126400440028330000180032750502780034504100080062310000250063185601230065610720260407155410.0260407a2003 arg spa dAR-UNSa-BCEJYS aAR-UNSa-BCEJYSbspacAR-UNSa-BCEJYS a658.8xOrganización de mercados. Marketing. Ventas. Distribución10aNociones básicas Marketingpcon Microsoft Word y Microsoft Excel a978-987-20416-4-9 1aBuenos Aires :bEdiciones Maurinac2003 a182 p.c22 cm a1. Visión, misión y planeamiento - 2. Posicionamiento e imágen de marca - 3. Ciclo de vida de la marca - 4. Investigación de mercados - 5. Marketing directo - 6. Las promociones - 7. El cliente - 8. Relaciones públicas - 9. Publicidad y diseño - 10. E-Marketing aspa1 aSabatino, Mariano H.41uhttps://biblioeco.unsa.edu.ar/pmb/images/libros/Marketing con word y excel2-l117374.jpgyImagen de portadaqimage/jpeg